Sudden Death - Nachbarländer der Slowakei - Statistiken

Allgemein
  • Dieses Quiz wurde 142 mal gespielt
  • Das Durchschnittsergebnis liegt bei 4 aus 6
Answers on the Grid
Answers color-coded by a green-red scale on the quiz's grid according to % correct below.
Österreich🇦🇹
Slowakei🇸🇰
Ukraine🇺🇦
Polen🇵🇱
Tschechien🇨🇿
Slowenien🇸🇮
Schweiz🇨🇭
Deutschland🇩🇪
Italien🇮🇹
Kroatien🇭🇷
Russland🇷🇺
Bosnien-Herzegowina🇧🇦
Rumänien🇷🇴
Belarus🇧🇾
Liechtenstein🇱🇮
Frankreich🇫🇷
Ungarn🇭🇺
 
Antwortstatistiken
Antwort % Korrekt
Tschechien🇨🇿
80%
Ungarn🇭🇺
78%
Österreich🇦🇹
63%
Polen🇵🇱
62%
Ukraine🇺🇦
60%
Slowakei🇸🇰
41%
Keine übereinstimmenden Quizze gefunden
Verteilung der Resultate
Anzahl Personen mit jedem Resultat
Perzentil nach korrekt beantworteten Fragen
Ihre Resultats-Entwicklung
Sie haben dieses Quiz noch nicht gespielt